00719nam a22001937a 4500999001900000005001700019010001500036020002600051035001400077037001300091082001600104100001400120245009600134260004800230270005300278300002100331942003000352952014300382 c188835d18883520220606121154.0 aENG-133024 a9789386473271c495.00 aEN-116556 bDBAD/PUB a363.3250954 aMani, RVS aThe Myth of Hindu Terror:bInsider Account of Ministry of Home Affairs 2006-2010/cRVS Mani aNew DelhibVitasta Publishing Pvt Ltdc2018 a2/15, Ansari Road, DariyaganjbNew Delhie110002 a219p.c21cm(pbk) 2ddccENmMANh363.3250954 001040708NFICaBL1bBL1d2022-06-06eDBAD/PUBg495.00l3m1o363.3250954 MANpEN-116556r2023-08-09 00:00:00s2023-07-26t1v495.00yEN